000
00244nam a2200097Ia 4500
008
190216s9999||||xx |||||||||||||| ||und||
100
_a
Sayyid Ijas Mohamed
245
2
_a
A Short History Of Islam
260
_b
Oxford University Press
942
_c
BK
999
_c
21924
_d
21924